| 000 | 00550nam a22001697a 4500 | ||
|---|---|---|---|
| 003 | OSt | ||
| 005 | 20171010095447.0 | ||
| 008 | 120620t xxu||||| |||| 00| 0 eng d | ||
| 040 |
_aMMSU _cULS |
||
| 100 |
_aRiñen II, Edison N. _910465 |
||
| 245 |
_aComputer-based re-loading machine prototype _cEdison N. Riñen II |
||
| 260 | _c2007 | ||
| 300 |
_axii, 89 leaves _c28 cm. |
||
| 500 | _aThesis (BS Computer Engineering) -- Mariano Marcos State University-College of Engineering, Batac City | ||
| 504 | _aBibliography: leaf 64 | ||
| 942 |
_2ddc _cTHEDIS |
||
| 999 |
_c9574 _d9574 |
||